Normal view
MARC view
- Adil,Sarah
Entry Personal Name
001 - CONTROL NUMBER
- control field: 5148
003 - CONTROL NUMBER IDENTIFIER
- control field: NUST
005 - DATE AND TIME OF LATEST TRANSACTION
- control field: 20171002164119.0
008 - FIXED-LENGTH DATA ELEMENTS
- fixed length control field: 171002|| aca||aabn | a|a d
040 ## - CATALOGING SOURCE
- Original cataloging agency: NUST
- Transcribing agency: NUST
100 ## - HEADING--PERSONAL NAME
- Personal name: Adil,Sarah
670 ## - SOURCE DATA FOUND
- Source citation: Work cat.: (NUST): Adil,Sarah, Employment status of rural to urban migrants in Pakistan, 2015
